Proyecto de reglamento general de la Casa de Maternidad y Expósitos
Descripción Física:
[23] p. ; 28 cm
MARC
| LEADER | 00000nam a2200000Ia 4500 | ||
|---|---|---|---|
| 001 | 13451 | ||
| 008 | 160829s1936] xx 000 0 cat d | ||
| 080 | |a RF-13-45 | ||
| 110 | 2 | |a Casa de Maternitat i Expòsits de Barcelona |9 52670 | |
| 245 | |a Proyecto de reglamento general de la Casa de Maternidad y Expósitos | ||
| 260 | |a [Barcelona : |b s.n., |c 1936] | ||
| 300 | |a [23] p. ; |c 28 cm | ||
| 590 | |a Existeix una versió lleugerament diferent al R. 11651 | ||
| 650 | |a Casa de Maternitat i Expòsits (Barcelona) |x Reglaments i procediment |9 38816 | ||
| 856 | 4 | |u https://media.diba.cat/diba/fitxers/arxiu/fulletons/bib_13451_1936_baixa.pdf |y Accés lliure | |
| 856 | 4 | |u https://media.diba.cat/diba/fitxers/arxiu/fulletons/bib_13451_1936_baixa.pdf |y Accés lliure | |
| 901 | |a Arxiu | ||
| 942 | |n 1 |2 udc | ||
| 952 | |0 0 |1 0 |4 0 |6 RF1345 |7 1 |9 48918 |a Arxiu |b Arxiu |d 2016-12-01 |l 0 |o RF-13-45 |p 13451 |r 2016-12-01 00:00:00 |w 2016-12-01 |y ARXIU | ||
| 999 | |c 52753 |d 52753 | ||
| 900 | |a bib_13451_1936_baixa.pdf | ||